Paesi che iniziano con la R - Statistics

Statistiche generali
  • Questo quiz è stato fatto 8.721 volte
  • Il punteggio medio è 6 su 9
Statistiche sulle risposte
Paese % Corretto
Romania
91%
Ruanda
90%
Russia
84%
Rep. Democratica del Congo
67%
Repubblica Ceca
67%
Repubblica del Congo
67%
Repubblica Dominicana
61%
Repubblica Centrafricana
56%
Regno Unito
49%
Nessun quiz corrispondente trovato
Distribuzione punteggi
Percentuale di utenti per punteggio
Percentile per numero di risposta
I tuoi punteggi nel tempo
Non hai fatto questo quiz